| 000 | 00563nam a22001817a 4500 | ||
|---|---|---|---|
| 005 | 20161220134808.0 | ||
| 008 | 161220b pe ||||| |||| 00| 0 spa d | ||
| 050 | 0 | 4 |
_aF3429 _bB87 1967 |
| 100 | 1 | _aBusto Duthurburu, José Antonio del | |
| 245 | 1 | 0 |
_aPerú pre-incaico _c / José Antonio del Busto Duthurburu |
| 250 | _a1a ed. | ||
| 260 |
_aLima : _bUniverso, _c1967 |
||
| 300 |
_a236 p. : _bil. ; _c21 cm. |
||
| 650 | 7 |
_2lemb _aIndígenas de América del sur _zPerú |
|
| 651 | 7 |
_2lemb _aPerú _xAntigüedades |
|
| 651 | 7 |
_2lemb _aPerú _xHistoria |
|
| 942 |
_2lcc _cLIB |
||
| 999 |
_c87497 _d87497 |
||